00898nam a22002537a 4500999001500000003000800015008004100023020001800064041001300082080001900095100003100114245004300145250001100188260002600199300001000225650002900235650001800264700002400282700002800306942001300334945005300347952012200400952012200522 c2028d2028SLTCLib260610b ce ||||| |||| 00| 0 eng d a9781292402727 aEnglish  a658:001.8bSAU aSaunders, Mark N. K.93580 aResearch Methods for Business Students a9th ed aHarlowbPearsonc2023 a860p. 092221a Business Research 09932aBusiness 93578aLewis, Philip 93579aThornhill, Adrian 2ddccMRE a3725bIshara wickramagec3725dIshara wickramage 00102lcc4070aSLTCbSLTCcRESd2026-06-10ePurchasedg31820.00o658:001.8 SAUp003419r2026-06-10w2026-06-10yMRE 00102ddc4070aSLTCbSLTCcRESd2026-06-10ePurchasedg31820.00o658:001.8 SAUp003420r2026-06-10w2026-06-10yMRE